| 000 | 00667nam a2200229 u 4500 | ||
|---|---|---|---|
| 005 | 20220630135843.0 | ||
| 008 | 090731s2005 es r 000 0 spa d | ||
| 020 | _a8446022478 (10 dígitos) | ||
| 020 | _a9788446022473 (13 dígitos) | ||
| 035 | _aUPN01000171661 | ||
| 049 | _aCG | ||
| 050 | 4 |
_aQP425 _bA7.2 |
|
| 100 | 1 | _aArnulf, Isabelle | |
| 245 | 1 | 1 |
_a¿Cómo soñamos? / _cIsabelle Arnulf ; tr. Virginia López-Ballesteros. |
| 260 |
_aMadrid : _bAkal, _c2005. |
||
| 300 | _a63 p. | ||
| 440 | 4 |
_aLas manzanas del saber ; _v6 |
|
| 534 |
_pTítulo original: _tComment révons-nous? |
||
| 650 | 4 |
_aSUEÑO _914240 |
|
| 650 | 0 |
_aSueños _91571 |
|
| 905 | _aLibro | ||
| 999 |
_c143766 _d143766 |
||